Ligne 1 du métro de Paris - Statistiques

Statistiques générales
  • Ce quiz a été pris 5 516 fois
  • Le résultat moyen est 18 sur 25
Statistiques - réponses
# Réponse % Correct
1 La Défense
95%
25 Château de Vincennes
86%
15 Châtelet
86%
14 Louvre - Rivoli
81%
18 Bastille
79%
11 Concorde
79%
7 Charles de Gaulle - Etoile
78%
16 Hôtel de Ville
77%
21 Nation
77%
12 Tuileries
77%
2 Esplanade de La Défense
76%
19 Gare de Lyon
76%
6 Argentine
73%
22 Porte de Vincennes
73%
10 Champs-Elysées - Clémenceau
72%
5 Porte Maillot
72%
17 Saint-Paul
72%
4 Les Sablons
70%
8 George V
69%
3 Pont de Neuilly
69%
13 Palais-Royal - Musée du Louvre
68%
9 Franklin D. Roosevelt
65%
23 Saint-Mandé
63%
20 Reuilly - Diderot
61%
24 Bérault
54%
Aucun quiz correspondant
Distribution des résultats
% des personnes avec chaque résultat
Percentile par nombre de réponses
Votre historique - résultats
Vous n’avez pas pris ce quiz